| 000 | 00713nam a2200217Ia 4500 | ||
|---|---|---|---|
| 003 | GCL | ||
| 008 | 140319s9999 xx 000 0 ara d | ||
| 040 |
_aGCL / _cGCL |
||
| 082 | 0 | 4 |
_a212.5 _bم ح |
| 100 | 1 | _aمنصور الرفاعى عبيد | |
| 245 | 1 | 0 |
_aحقوق الابناء على الاباء فى المنظور الاسلامى / _cمنصور الرفاعى عبيد |
| 260 |
_a[S.N] : _bمكتبة التراث الاسلامى ، _c1993 |
||
| 300 | _a112 ص | ||
| 490 | _a | ||
| 650 | 0 | 4 | _aالاسلام |
| 650 | 0 | 4 | _aالاسرة |
| 650 | 0 | 4 | _aالاخلاق الاسلامية |
| 650 | 0 | 4 | _aالعلاقات الاسرية |
| 650 | 0 | 4 | _aالاباء والابناء |
| 942 |
_2ddc _cBK |
||
| 999 |
_c55591 _d55591 |
||